000 00619nam a22001817a 4500
999 _c192146
_d192146
005 20220922121414.0
010 _aB-745507
020 _a8171829481
_c400.00
035 _aB-745507
037 _bFusion Books
100 _aOak, Shashikant
245 _aNaadi Predictions:
_bA Mind Boggling Miracle/
_cShashikant Oak
260 _aNew Delhi
_bFusion Books
_c2021
270 _aX-30,Okhla Industrial Area,Phase-II
_bNew Delhi
_e110020
_k40712200
_msales@dpb.in
300 _a330p.
_c21cm(pbk)
942 _2ddc
_cEN
_mOak
_h181.4